=LDR 00000nam 2200000 4500 =001 INLIS000000000029063 =005 20200805085627 =035 ##$$a 0010-061300000029063 =008 200805################g##########0#ind## =041 ##$$a Ind =082 ##$$a 2x6.4 =090 ##$$a 2x6.4, Hud k =100 ##$$a Huda, Nurul =245 1#$$a Kupinang dirimu karena shalihah /$c Nurul Huda =260 ##$$a Jombang :$b Lintas Media,$c 2001 =300 ##$$a viii, 224 hlm. ; $c 12,5x20 cm. =650 #4$$a Kedudukan wanita =850 ##$$a NBPNMAT =084 ##$$a 2x6.4 HUD k =990 ##$$a 20800252 =990 ##$$a 40738 pb.08 =990 ##$$a 20800252/pb-2008 =990 ##$$a 40738 pb.08